[Event "Rasht Jangal Cup 1st"]
[Site "Rasht"]
[Date "2021.12.09"]
[Round "7"]
[White "Kanani, Anoosh"]
[Black "Babaniya, Benyamin"]
[Result "0-1"]
[WhiteElo "1918"]
[BlackElo "2190"]
[PlyCount "56"]
[EventDate "2021.12.05"]
[EventType "swiss"]
[EventRounds "9"]
[EventCountry "IRI"]
[SourceTitle "EXT 2023"]
[Source "ChessBase"]
[SourceDate "2022.10.05"]
[SourceVersion "1"]
[SourceVersionDate "2022.10.05"]
[SourceQuality "1"]

1. Nf3 c5 2. b3 d5 3. e4 d4 4. Bc4 Nc6 5. e5 e6 6. 0-0 Nge7 7. d3 a6 8. a4 Ng6 9. Re1 Rb8 10. Na3 Na7 11. b4 cxb4 12. Nb1 b5 13. axb5 Nxb5 14. Bxb5+ Rxb5 15. Nbd2 Bb7 16. Nc4 Be7 17. Bb2 0-0 18. Nxd4 Rd5 19. Nf3 Qc7 20. Ne3 Rd7 21. d4 Nf4 22. g3 Nh3+ 23. Kf1 f6 24. Ng1 Nxf2 25. Kxf2 fxe5+ 26. Ke2 exd4 27. Rf1 dxe3 28. Rxf8+ Bxf8 0-1

[Event "IRI-ch sf"]
[Site "Lorestan"]
[Date "2019.11.09"]
[Round "2"]
[White "Nazari, Arad"]
[Black "Babaniya, Benyamin"]
[Result "0-1"]
[WhiteElo "2334"]
[BlackElo "2193"]
[PlyCount "150"]
[EventDate "2019.11.08"]
[EventType "swiss"]
[EventRounds "9"]
[EventCountry "IRI"]
[SourceTitle "CBM 193 Extra"]
[Source "ChessBase"]
[SourceDate "2020.01.31"]
[SourceVersion "1"]
[SourceVersionDate "2020.01.31"]
[SourceQuality "1"]

1. e4 c5 2. Nf3 d6 3. Bb5+ Nc6 4. 0-0 Nf6 5. Re1 Bd7 6. c3 a6 7. Bf1 Bg4 8. h3 Bh5 9. d3 e6 10. Nbd2 Be7 11. Qe2 0-0 12. Qe3 Rc8 13. b3 d5 14. Bb2 d4 15. Qf4 h6 16. cxd4 cxd4 17. Rec1 Bd6 18. e5 Nd5 19. Qg3 Bb4 20. Ne4 Bxf3 21. gxf3 Nce7 22. Rxc8 Qxc8 23. Rc1 Qd8 24. Qg4 Nf5 25. a3 Be7 26. f4 Qd7 27. Ng3 Nxg3 28. fxg3 Rc8 29. Rxc8+ Qxc8 30. Qe2 Nc3 31. Qc2 a5 32. Bg2 b5 33. Kf1 Qf8 34. Qc1 Qc8 35. Bf3 Qc5 36. Qe1 Nd5 37. Qc1 Nc3 38. Qe1 b4 39. a4 Qb6 40. Bc1 Qa6 41. Qd2 f6 42. exf6 Bxf6 43. Kg2 e5 44. Qc2 Qe6 45. fxe5 Bxe5 46. Bd2 Bd6 47. Bg4 Qe8 48. Bf3 Kh8 49. Be4 Qe5 50. Be1 Qc5 51. Qf2 Qe5 52. Qf3 Qe6 53. Qf5 Qg8 54. Bf2 Nxe4 55. Qxe4 Qxb3 56. Qxd4 Bf8 57. Qd7 Kg8 58. d4 Qf7 59. Qb5 b3 60. d5 Bb4 61. Qb8+ Kh7 62. Qe5 Ba3 63. Bd4 Qg6 64. Kf3 Qd3+ 65. Kg4 Qg6+ 66. Kf3 Qf6+ 67. Qxf6 gxf6 68. Ke4 b2 69. Bxb2 Bxb2 70. Kf5 Kg7 71. Ke6 Kf8 72. Kd7 f5 73. Ke6 Ke8 74. Kxf5 Kd7 75. h4 Kd6 0-1

[Event "Karoun Masters Cup 6th"]
[Site "Ahvaz"]
[Date "2019.02.22"]
[Round "2"]
[White "Babaniya, Benyamin"]
[Black "Sibashvili, Giorgi"]
[Result "1-0"]
[WhiteElo "2184"]
[BlackElo "2420"]
[PlyCount "55"]
[EventDate "2019.02.21"]
[EventType "swiss"]
[EventRounds "9"]
[EventCountry "IRI"]
[SourceTitle "CBM 189 Extra"]
[Source "ChessBase"]
[SourceDate "2019.06.03"]
[SourceVersion "1"]
[SourceVersionDate "2019.06.03"]
[SourceQuality "1"]

1. e4 e5 2. Nf3 Nc6 3. Nc3 Nf6 4. d4 exd4 5. Nxd4 Bb4 6. Nxc6 bxc6 7. Bd3 0-0 8. 0-0 Re8 9. Bg5 Rb8 10. f4 h6 11. Bh4 Be7 12. b3 d5 13. e5 Ng4 14. Bxe7 Qxe7 15. Qe1 g5 16. h3 Qc5+ 17. Kh1 Ne3 18. Qf2 Qxc3 19. Qxe3 Bf5 20. fxg5 Bxd3 21. gxh6 Qxe5 22. Qxd3 Rb4 23. Qf3 Re7 24. c4 Qg5 25. Rae1 Rxe1 26. Qxf7+ Kh8 27. Qf8+ Qg8 28. Qf6+ 1-0

[Event "Aftab Cup op 2nd"]
[Site "Khomein"]
[Date "2018.08.28"]
[Round "5"]
[White "Kazemiyan Eski, Abolfazl"]
[Black "Babaniya, Benyamin"]
[Result "1/2-1/2"]
[WhiteElo "2072"]
[BlackElo "2180"]
[PlyCount "56"]
[EventDate "2018.08.25"]
[EventType "swiss"]
[EventRounds "9"]
[EventCountry "IRI"]
[SourceTitle "CBM 186 Extra"]
[Source "ChessBase"]
[SourceDate "2018.08.24"]
[SourceVersion "1"]
[SourceVersionDate "2018.08.24"]
[SourceQuality "1"]

1. c4 e5 2. Nc3 Nf6 3. g3 Nc6 4. Bg2 Bc5 5. Nf3 0-0 6. 0-0 d5 7. cxd5 Nxd5 8. Qc2 Nf6 9. d3 Bg4 10. Qa4 Qd7 11. Bg5 Be7 12. Nd2 a6 13. Bxc6 bxc6 14. Nc4 Qe6 15. Rfc1 Bh5 16. Na5 c5 17. Qc6 Bd6 18. Bxf6 gxf6 19. f3 Kh8 20. Qd5 Rab8 21. b3 f5 22. Nc4 Qf6 23. Qc6 Rg8 24. Nd5 Qd8 25. Nxd6 cxd6 26. Qc7 Qxc7 27. Nxc7 Rb7 28. Nd5 Kg7 1/2-1/2

[Event "Hamedan op 17th"]
[Site "Hamedan"]
[Date "2018.08.16"]
[Round "11"]
[White "Mozaffari, Alireza"]
[Black "Babaniya, Benyamin"]
[Result "1-0"]
[WhiteElo "2134"]
[BlackElo "2180"]
[PlyCount "87"]
[EventDate "2018.08.09"]
[EventType "swiss"]
[EventRounds "11"]
[EventCountry "IRI"]
[SourceTitle "CBM 186 Extra"]
[Source "ChessBase"]
[SourceDate "2018.08.24"]
[SourceVersion "1"]
[SourceVersionDate "2018.08.24"]
[SourceQuality "1"]

1. d4 e6 2. c4 d5 3. Nf3 Nf6 4. Nc3 Be7 5. Bf4 0-0 6. e3 c5 7. dxc5 Bxc5 8. cxd5 Nxd5 9. Nxd5 exd5 10. Bd3 Bd6 11. Bxd6 Qxd6 12. 0-0 Nc6 13. Rc1 Qb4 14. Qc2 h6 15. a3 Qe7 16. Qc5 Qf6 17. b4 Bg4 18. Qxd5 Rad8 19. Qe4 Rxd3 20. Qxd3 Bxf3 21. gxf3 Ne5 22. Qd5 Rd8 23. Qxb7 Nxf3+ 24. Kh1 Qf5 25. Qc7 Re8 26. Qf4 Qh3 27. Qg3 Qf5 28. Qf4 Qh3 29. Rfd1 Re6 30. Qg3 Qh5 31. Rc8+ Kh7 32. Rdd8 g5 33. Qc7 Ne5 34. Qc2+ Kg7 35. Qf5 Qf3+ 36. Qxf3 Nxf3 37. Rd7 g4 38. Rcc7 Rf6 39. Rxa7 Ng5 40. Kg2 Ne4 41. Rd4 Re6 42. b5 h5 43. b6 Nc5 44. b7 1-0

[Event "Yerevan op 1st"]
[Site "Yerevan"]
[Date "2016.10.09"]
[Round "8"]
[White "Babaniya, Benyamin"]
[Black "Asatryan, Sona"]
[Result "0-1"]
[WhiteElo "2056"]
[BlackElo "1953"]
[PlyCount "172"]
[EventDate "2016.10.02"]
[EventType "swiss"]
[EventRounds "9"]
[EventCountry "ARM"]
[SourceTitle "EXT 2017"]
[Source "ChessBase"]
[SourceDate "2016.10.25"]
[SourceVersion "1"]
[SourceVersionDate "2016.10.25"]
[SourceQuality "1"]

1. e4 c6 2. d4 d5 3. Nc3 dxe4 4. Nxe4 Bf5 5. Ng3 Bg6 6. h4 h6 7. h5 Bh7 8. Nf3 Nf6 9. Bd3 Bxd3 10. Qxd3 e6 11. Bd2 Be7 12. 0-0-0 0-0 13. Qe2 b5 14. Ne4 Nxe4 15. Qxe4 Qd5 16. Qxd5 cxd5 17. Ne5 Rc8 18. f4 f6 19. Ng6 Bd6 20. g4 Nc6 21. Be3 a5 22. g5 f5 23. Rdg1 Kh7 24. Ne5 Bxe5 25. fxe5 f4 26. Bxf4 Nxd4 27. Rg2 hxg5 28. Bxg5 Nf3 29. h6 g6 30. Bf6 Rc4 31. Rh3 Nd4 32. b3 Rc7 33. Rd3 Nf5 34. Kb2 Rac8 35. a3 d4 36. Rgd2 Rc3 37. Kc1 b4 38. a4 R3c5 39. Kb1 Rd5 40. Kb2 Rc3 41. Kc1 Ng3 42. Rg2 Nh5 43. Rg4 Rxd3 44. cxd3 Nxf6 45. exf6 Kxh6 46. Rh4+ Kg5 47. f7 Rf5 48. Rxd4 Rxf7 49. Rd6 Kf5 50. Kd2 g5 51. Ke3 Rc7 52. Ra6 Rc5 53. Rb6 Re5+ 54. Kf2 Kf4 55. Rc6 Kf5 56. Rc8 Rd5 57. Ke3 Re5+ 58. Kf2 Kg4 59. Re8 Rf5+ 60. Kg2 Rc5 61. Rxe6 Rc2+ 62. Kg1 Kg3 63. Re3+ Kf4 64. Re8 g4 65. d4 Rb2 66. Re1 Rxb3 67. Rd1 Rc3 68. d5 Rc7 69. d6 Rd7 70. Rd5 b3 71. Rb5 Rxd6 72. Rxb3 Rd1+ 73. Kf2 Rd2+ 74. Kg1 Ra2 75. Rc3 Rxa4 76. Kg2 Ra2+ 77. Kg1 a4 78. Rc4+ Kg3 79. Rc3+ Kh4 80. Rd3 a3 81. Rb3 g3 82. Rb8 Rb2 83. Rh8+ Kg4 84. Ra8 a2 85. Kh1 g2+ 86. Kg1 Rb1+ 0-1

[Event "Yerevan op 1st"]
[Site "Yerevan"]
[Date "2016.10.08"]
[Round "7"]
[White "Nazemi, Pedram"]
[Black "Babaniya, Benyamin"]
[Result "1/2-1/2"]
[WhiteElo "2000"]
[BlackElo "2056"]
[PlyCount "47"]
[EventDate "2016.10.02"]
[EventType "swiss"]
[EventRounds "9"]
[EventCountry "ARM"]
[SourceTitle "EXT 2017"]
[Source "ChessBase"]
[SourceDate "2016.10.25"]
[SourceVersion "1"]
[SourceVersionDate "2016.10.25"]
[SourceQuality "1"]

1. e4 e6 2. d4 d5 3. Nd2 c5 4. Ngf3 cxd4 5. Nxd4 Nc6 6. Bb5 Bd7 7. Nxc6 Bxc6 8. Bxc6+ bxc6 9. c4 Qa5 10. 0-0 Nf6 11. cxd5 cxd5 12. exd5 Qxd5 13. Qa4+ Qd7 14. Qxd7+ Nxd7 15. Ne4 Nc5 16. Nc3 Rb8 17. Be3 Rxb2 18. Rab1 Rb6 19. Rfc1 Kd8 20. Rd1+ Kc8 21. Rbc1 Kb7 22. Bxc5 Bxc5 23. Na4 Ba3 24. Rc3 1/2-1/2

[Event "Avicenna op 13th"]
[Site "Hamedan"]
[Date "2016.08.27"]
[Round "5"]
[White "Babaniya, Benyamin"]
[Black "Grishchenko, Sergey"]
[Result "1/2-1/2"]
[WhiteElo "2128"]
[BlackElo "2462"]
[PlyCount "151"]
[EventDate "2016.08.24"]
[EventType "swiss"]
[EventRounds "9"]
[EventCountry "IRI"]
[SourceTitle "CBM 174 Extra"]
[Source "ChessBase"]
[SourceDate "2016.10.10"]
[SourceVersion "1"]
[SourceVersionDate "2016.10.10"]
[SourceQuality "1"]

1. e4 c6 2. d4 d5 3. exd5 cxd5 4. c4 Nf6 5. Nc3 Nc6 6. Be3 g6 7. h3 Bg7 8. Nf3 0-0 9. Be2 b6 10. 0-0 Bb7 11. Ne5 Na5 12. Qa4 Nxc4 13. Nxc4 dxc4 14. Bxc4 a6 15. Be2 Qd6 16. Qd1 Nd5 17. Bf3 Nxc3 18. bxc3 Bxf3 19. Qxf3 Rac8 20. Rfc1 Rc4 21. Bf4 Qa3 22. Be5 Rfc8 23. Bxg7 Kxg7 24. Qb7 b5 25. d5 Qd6 26. Qa7 b4 27. Qe3 bxc3 28. Rc2 R8c5 29. Rac1 Qc7 30. g3 Rxd5 31. Rxc3 Rxc3 32. Qxc3+ Qxc3 33. Rxc3 Ra5 34. a3 Kf6 35. Kg2 Ke5 36. f4+ Kd6 37. Kf3 h5 38. Ke3 Ra4 39. Rd3+ Ke6 40. Kf3 f6 41. Re3+ Kf7 42. h4 Rc4 43. Kf2 a5 44. Ke2 Rc5 45. Kd3 e5 46. Re4 Ke6 47. fxe5 fxe5 48. g4 Rd5+ 49. Ke3 Rb5 50. gxh5 gxh5 51. Ra4 Rb3+ 52. Ke4 Rh3 53. Rxa5 Rxh4+ 54. Ke3 Kf5 55. Ra8 Rh3+ 56. Kf2 Kf4 57. Rf8+ Ke4 58. a4 Ra3 59. Rh8 Rxa4 60. Rxh5 Ra2+ 61. Ke1 Kd4 62. Rh4+ e4 63. Rh3 Rc2 64. Rg3 Rh2 65. Kd1 Ke5 66. Ke1 Ra2 67. Rh3 Kf4 68. Rb3 Ra5 69. Ke2 Rd5 70. Ra3 Rh5 71. Rb3 Rh2+ 72. Ke1 Ra2 73. Rc3 Ke5 74. Rb3 Kd4 75. Rh3 e3 76. Rh8 1/2-1/2

[Event "Rasht op"]
[Site "Rasht"]
[Date "2015.08.18"]
[Round "7"]
[White "Babaniya, Benyamin"]
[Black "Bagheri, Maziar"]
[Result "0-1"]
[WhiteElo "2011"]
[BlackElo "2258"]
[PlyCount "68"]
[EventDate "2015.08.14"]
[EventType "swiss"]
[EventRounds "11"]
[EventCountry "IRI"]
[SourceTitle "EXT 2016"]
[Source "ChessBase"]
[SourceDate "2015.10.08"]
[SourceVersion "1"]
[SourceVersionDate "2015.10.08"]
[SourceQuality "1"]

1. e4 e5 2. Nf3 Nc6 3. d4 exd4 4. c3 d3 5. Bxd3 d6 6. 0-0 Nf6 7. Bg5 Be7 8. Qc2 h6 9. Bh4 0-0 10. Nbd2 Nh5 11. Bg3 Bg4 12. Rfe1 Bg5 13. Nxg5 hxg5 14. Nc4 Be6 15. Ne3 Nf4 16. Nd5 Bxd5 17. exd5 Ne5 18. Bxf4 gxf4 19. f3 Qg5 20. Kf2 Qh4+ 21. Kg1 Rae8 22. Re4 g5 23. Rf1 Kg7 24. Rd4 Rh8 25. g3 Qh3 26. Bb5 fxg3 27. Qg2 Qxg2+ 28. Kxg2 Rxh2+ 29. Kg1 Reh8 30. f4 gxf4 31. Rdxf4 Rxb2 32. a4 a6 33. Bc4 Rhh2 34. Rd1 Rbg2+ 0-1

[Event "Rasht op"]
[Site "Rasht"]
[Date "2015.08.15"]
[Round "3"]
[White "Babaniya, Benyamin"]
[Black "Sadeh, Shahin"]
[Result "0-1"]
[WhiteElo "2011"]
[BlackElo "2231"]
[PlyCount "134"]
[EventDate "2015.08.14"]
[EventType "swiss"]
[EventRounds "11"]
[EventCountry "IRI"]
[SourceTitle "EXT 2016"]
[Source "ChessBase"]
[SourceDate "2015.10.08"]
[SourceVersion "1"]
[SourceVersionDate "2015.10.08"]
[SourceQuality "1"]

1. e4 g6 2. d4 Bg7 3. Nc3 c6 4. Bc4 b5 5. Bb3 b4 6. Nce2 a5 7. Bc4 d5 8. exd5 cxd5 9. Bb5+ Bd7 10. Bxd7+ Nxd7 11. Nf3 Ngf6 12. 0-0 0-0 13. a3 Qb6 14. Qd3 Ne4 15. axb4 axb4 16. Bf4 e6 17. Qb3 Rfc8 18. Qd3 Qc6 19. Rxa8 Rxa8 20. Rc1 Ra2 21. b3 Qb6 22. h3 Ra8 23. Nd2 Nxd2 24. Bxd2 Nf6 25. Ng3 Ne8 26. Be3 Nd6 27. c4 bxc3 28. Qxc3 h5 29. Qc5 Qa6 30. Qc2 Rc8 31. Qb2 Rxc1+ 32. Qxc1 h4 33. Nf1 Nf5 34. Qc7 Bf6 35. b4 Bxd4 36. Qb8+ Kh7 37. b5 Qa1 38. Qc7 Kg7 39. Bxd4+ Nxd4 40. Qe5+ Kh7 41. f4 Qa7 42. Kh2 Nf3+ 43. gxf3 Qf2+ 44. Kh1 Qxf1+ 45. Kh2 Qxb5 46. f5 exf5 47. Qf6 Qe2+ 48. Kg1 Qe1+ 49. Kg2 Qg3+ 50. Kf1 Qxf3+ 51. Ke1 Qe4+ 52. Kf2 Kg8 53. Kg1 d4 54. Kh2 Qe2+ 55. Kh1 Qf3+ 56. Kg1 Qg3+ 57. Kh1 Qxh3+ 58. Kg1 Qe3+ 59. Kg2 d3 60. Qc3 Qg5+ 61. Kh2 Qf4+ 62. Kg2 d2 63. Qc8+ Kg7 64. Qd7 Qg4+ 65. Kh2 Qg3+ 66. Kh1 Qh3+ 67. Kg1 d1Q+ 0-1